000 00975nam a22003017a 4500
001 BR0402836
003 BR-BrBNA
005 20230928101637.0
007 ta
008 230509b bl.||||| |||| 00| 0 por d
040 _aBR-BrBNA
_bpor
_cBiblioteca Nacional de Agricultura
041 _a(Por)
072 _aF06; H10
_b0120
090 _ 0120 BR0402836
100 1 _aCruz, O.C. da
110 1 _aUniversidade Federal de Lavras, MG (Brasil)
_0Tese (Mestrado)
245 1 _aDistribuição horizontal do inseticida chlorpyrifos aplicado via pivô central em cultura de milho (Zea mays L.)e sua retenção no dossel das plantas
260 3 _aLavras, MG (Brasil):
_c1997.
300 _a54 p.
500 _aSummaries (Eng, Por); 38 ref.; 11 tables; 10 illus.
650 _aMILHO
650 _aIRRIGAÇÃO POR PIVÔ CENTRAL
650 _aINSETICIDA
650 _aCONTROLE QUÍMICO
650 _aPIVÔ CENTRAL
909 _a202309
_bLucia
_c55
_dLucia Elande
942 _cBK
999 _c66852
_d66852